| 000 | 01836cam a22004695i 4500 | ||
|---|---|---|---|
| 999 |
_c10140 _d10140 |
||
| 001 | 23128804 | ||
| 003 | GBCCL | ||
| 005 | 20241126110726.0 | ||
| 008 | 221228s2022 ii b 000 0 eng d | ||
| 010 | _a 2023339636 | ||
| 020 |
_a9789395457026 _q(paperback) |
||
| 020 | _a9395457023 | ||
| 025 | _aI-E-2023339636; 13-91 | ||
| 035 | _a(OCoLC)on1356500937 | ||
| 035 | _a(OCoLC)1356500937 | ||
| 037 | _bLibrary of Congress -- New Delhi Overseas Office | ||
| 040 |
_aDKAGE _beng _erda _cDKAGE _dOCLCF _dDLC |
||
| 042 |
_alccopycat _alcode |
||
| 043 | _aa-ii--- | ||
| 082 | 0 | 4 |
_a230.09541 _223 _bTHA |
| 100 | 1 |
_aThanzauva, K., _eauthor. _917583 |
|
| 245 | 1 | 0 |
_aTheology of community : _btribal theology in the making (revised and enlarged) / _cK. Thanzauva. |
| 264 | 1 |
_aDelhi : _bChristian World Imprints, _c2022. |
|
| 300 |
_axii, 295 pages ; _c22 cm |
||
| 336 |
_atext _btxt _2rdacontent |
||
| 337 |
_aunmediated _bn _2rdamedia |
||
| 338 |
_avolume _bnc _2rdacarrier |
||
| 504 | _aIncludes bibliographical references (pages 252-295). | ||
| 650 | 0 |
_aTheology, Doctrinal _zIndia, Northeastern. _91828 |
|
| 650 | 0 |
_aChristianity _zIndia, Northeastern. _9945 |
|
| 650 | 0 |
_aChristianity and culture _zIndia, Northeastern. _91830 |
|
| 650 | 7 |
_aChristianity. _2fast _0(OCoLC)fst00859599 _9479 |
|
| 650 | 7 |
_aChristianity and culture. _2fast _0(OCoLC)fst00859660 _9886 |
|
| 650 | 7 |
_aScheduled tribes in India _xReligion. _2fast _0(OCoLC)fst01354679 _917584 |
|
| 650 | 7 |
_aTheology, Doctrinal. _2fast _0(OCoLC)fst01149617 _914 |
|
| 651 | 0 |
_aIndia, Northeastern _xScheduled tribes _xReligion. _917585 |
|
| 651 | 7 |
_aIndia. _2fast _0(OCoLC)fst01210276 _913064 |
|
| 651 | 7 |
_aNortheastern India. _2fast _0(OCoLC)fst01692634 _915291 |
|
| 906 |
_a7 _bpar _ccopycat _d3 _encip _f20 _gy-gencatlg |
||
| 942 |
_2ddc _cBK _02 |
||